Winning the talent war : (Record no. 4211)

MARC details
000 -LEADER
fixed length control field 00583 a2200181 4500
010 ## - LCCN (DPL NO)
LC control number ENG-86129
020 ## - INTERNATIONAL STANDARD BOOK NUMBER
International Standard Book Number 8120331365
Terms of availability 195.00
035 ## - SYSTEM CONTROL NUMBER
System control number EN-69662
037 ## - SOURCE OF ACQUISITION
Source of stock number/acquisition DBAD / PUB
082 14 - DEWEY DECIMAL CLASSIFICATION NUMBER
Classification number 632.1068
100 1# - MAIN ENTRY--PERSONAL NAME
Personal name Dye, Carson F.
245 1# - TITLE STATEMENT
Title Winning the talent war :
Statement of responsibility, etc by Carson R. Dye
Remainder of title ensuring effective leadership in healthcare /
260 ## - PUBLICATION, DISTRIBUTION, ETC. (IMPRINT)
Place of publication, distribution, etc New Delhi
Name of publisher, distributor, etc Prentice Hall of India
Date of publication, distribution, etc 2007
270 ## - ADDRESS
Address M-97, Cannaught Circus,
City New Delhi
Postal code 110 001
300 ## - PHYSICAL DESCRIPTION
Extent xii, 226 p.
Dimensions 22cm. (Pbk.)
500 ## - GENERAL NOTE
General note Includes index
942 ## - ADDED ENTRY ELEMENTS (KOHA)
Institution code [OBSOLETE] dpl
Item type English Books
Source of classification or shelving scheme Dewey Decimal Classification
Classification part 362.1068
Call number suffix DYE
Holdings
Withdrawn status Lost status Not for loan Collection code Home library Current library Source of acquisition Cost, normal purchase price Full call number Barcode Copy number Cost, replacement price Koha item type
    Not For Loan Non-fiction D.B.Act.Division D.B.Act.Division DBAD/PUB 195.00 362.1068 DYE EN-69662 1 195.00 English Books

© Delhi Public Library
Hit Counter
free hit counter